书目信息 |
| 题名: |
水工程法规
|
|
| 作者: | 张智 , 周健 著 | |
| 分册: | ||
| 出版信息: | 北京 中国建筑工业出版社 2005.01 |
|
| 页数: | 360页 | |
| 开本: | 20cm | |
| 丛书名: | 普通高等教育土建学科专业"十五"规划教材 | |
| 单 册: | ||
| 中图分类: | D922.669 | |
| 科图分类: | ||
| 主题词: | 法律--中国 | |
| 电子资源: | ||
| ISBN: | 7-112-06653-0 | |
| 000 | 00703nam0 2200229 450 | |
| 001 | 0536750324 | |
| 005 | 20050630091027.46 | |
| 010 | @a7-112-06653-0@dCNY 32.00 | |
| 100 | @a20050611d2005 km y0chiy0120 ea | |
| 101 | 0 | @achi |
| 102 | @aCN@b110000 | |
| 200 | 1 | @a水工程法规@Ashui gong cheng fa gui@f张智,周健著@Fzhang zhi,zhou jian zhu |
| 210 | @a北京@c中国建筑工业出版社@d2005.01 | |
| 215 | @a360页@d20cm | |
| 225 | 2 | @a普通高等教育土建学科专业"十五"规划教材 |
| 410 | 0 | @12001 @a普通高等教育土建学科专业"十五"规划教材 |
| 606 | 0 | @a法律@x中国 |
| 690 | @aD922.669@v4 | |
| 701 | 0 | @a张智@Azhang zhi@4著 |
| 701 | 0 | @a周健@Azhou jian@4著 |
| 801 | 0 | @aCN@bPFT@c20050630 |
| 905 | @a10447@dD922.669@eZ253 | |
| 水工程法规/张智,周健著.-北京:中国建筑工业出版社,2005.01 |
| 360页;20cm.-(普通高等教育土建学科专业"十五"规划教材) |
| ISBN 7-112-06653-0:CNY 32.00 |
| ● |
| 相关链接 |
|
|
|
正题名:水工程法规
索取号:D922.669/Z253
 
预约/预借
| 序号 | 登录号 | 条形码 | 馆藏地/架位号 | 状态 | 备注 |
| 1 | 537640 | 205376403 | 社科库509/509社科库 90排2列1层/ [索取号:D922.669/Z253] | 在馆 | |
| 2 | 537641 | 205376412 | 社科库509/509社科库 90排2列1层/ [索取号:D922.669/Z253] | 在馆 | |
| 3 | 537642 | 205376421 | 社科库509/509社科库 90排2列1层/ [索取号:D922.669/Z253] | 在馆 |